000 00411nam a2200157Ia 4500
001 10681
003 IN-NITTTR
005 20251114233059.0
008 251113s9999||||xx |||||||||||||| ||eng||
040 _beng
040 _cIN-NITTTR
041 _aeng
082 _a004.11 C833D
245 4 _aThe digital computer :
_b Unit 8 Introduction to system software; Unit 9 Program-controlled input /
942 _2ddc
_cBK
999 _c13317
_d13317